Ley de jurisdicción contencioso-administrativa : (Record no. 6568)
[ view plain ]
| 000 -LEADER | |
|---|---|
| campo de control de longitud fija | 00785nam a2200253Ia 4500 |
| 000 - LEADER | |
| campo de control de longitud fija | nam a22 i 4500 |
| 001 - NÚMERO DE CONTROL | |
| campo de control | UNACH-8075 |
| 007 - CAMPO FIJO DE DESCRIPCIÓN FÍSICA--INFORMACIÓN GENERAL | |
| campo de control de longitud fija | ta |
| 008 - DATOS DE LONGITUD FIJA--INFORMACIÓN GENERAL | |
| campo de control de longitud fija | 221212s ||||fr|||| 00| | spa d |
| 020 ## - NÚMERO INTERNACIONAL ESTÁNDAR DEL LIBRO | |
| Número Internacional Estándar del Libro | 978-9978-86305--3 |
| 041 0# - CÓDIGO DE IDIOMA | |
| Código de lengua del texto/banda sonora o título independiente | spa |
| 082 04 - NÚMERO DE LA CLASIFICACIÓN DECIMAL DEWEY | |
| Número de clasificación | 348.02 |
| Número de ítem | Leyes, compilaciones |
| 110 1# - ENTRADA PRINCIPAL--NOMBRE DE ENTIDAD CORPORATIVA | |
| Nombre de entidad corporativa o nombre de jurisdicción como elemento de entrada | Corporación de Estudios y Publicaciones CEP |
| 245 10 - MENCIÓN DEL TÍTULO | |
| Título | Ley de jurisdicción contencioso-administrativa : |
| Resto del título | legislación conexa |
| 250 ## - MENCION DE EDICION | |
| Mención de edición | Sexta edición |
| 264 31 - PRODUCCIÓN, PUBLICACIÓN, DISTRIBUCIÓN, FABRICACIÓN Y COPYRIGHT | |
| Producción, publicación, distribución, fabricación y copyright | [Quito] : |
| -- | Ecuador : |
| Nombre del de productor, editor, distribuidor, fabricante | Corporación de Estudios y Publicaciones (CEP), |
| Fecha de producción, publicación, distribución, fabricación o copyright | 2012 |
| 300 ## - DESCRIPCIÓN FÍSICA | |
| Extensión | Páginas según áreas |
| 336 ## - TIPO DE CONTENIDO | |
| Término de tipo de contenido | texto |
| Código de tipo de contenido | txt |
| Fuente | rdacontent |
| 337 ## - TIPO DE MEDIO | |
| Nombre/término del tipo de medio | no mediado |
| Código del tipo de medio | n |
| Fuente | rdamedia |
| 338 ## - TIPO DE SOPORTE | |
| Nombre/término del tipo de soporte | volumen |
| Código del tipo de soporte | nc |
| Fuente | rdacarrier |
| 653 0# - TÉRMINO DE INDIZACIÓN--NO CONTROLADO | |
| Término no controlado | Leyes, compilaciones |
| 942 ## - ELEMENTOS DE ENTRADA SECUNDARIOS (KOHA) | |
| Fuente del sistema de clasificación o colocación | Clasificación Decimal Dewey |
| Tipo de ítem Koha | Libros |
| Suprimir en OPAC | No |
| Estado de pérdida | Fuente del sistema de clasificación o colocación | Estado de daño | No para préstamo | Biblioteca de origen | Biblioteca actual | Sección | Fecha de adquisición | Total de préstamos | Signatura topográfica completa | Código de barras | Visto por última vez | Precio de reemplazo | Tipo de ítem Koha |
|---|---|---|---|---|---|---|---|---|---|---|---|---|---|
| Clasificación Decimal Dewey | Biblioteca Campus Norte | Biblioteca Campus Norte | Derecho | 27/01/2015 | 348.02 LEY L003619 | L003619 | 15/12/2022 | 15/12/2022 | Libros |